000 00451nam a2200157Ia 4500
008 210716s2011 xx 000 0 und d
020 _a9780749463076
041 _aeng
082 _a658.4063 SLOP
100 _aSloane, Paul.
245 _aGuide to open innovation and crowdsourcing: expert tips and advice.
_bExpert tips and advice.
250 _a1
260 _aNew Delhi
_bKogan Page
_c2011
300 _axix,217
650 _aInnovation & Change
999 _c207767
_d207767